| 000 | 00663nam a2200193Ia 4500 | ||
|---|---|---|---|
| 003 | GCL | ||
| 008 | 140319s9999 xx 000 0 ara d | ||
| 040 |
_aGCL / _cGCL |
||
| 082 | 0 | 4 |
_a891.7 _bت و |
| 100 | 1 | _aتولستوى، ليو | |
| 245 | 1 | 0 |
_aوفاه ايفان اليتى وسوناتاكرويتزر / _cتولستوى، ليو |
| 700 | 1 | _aالشريف خاطر | |
| 260 |
_a[S.N] : _bالهيئة المصرية العامة للكتاب ، _c1985 |
||
| 300 | _a227 ص | ||
| 490 |
_aالابداع العالمى _v0 |
||
| 650 | 0 | 4 | _aالقصة الروسية المترجمة |
| 650 | 0 | 4 | _aالادب الروسى المترجم |
| 942 |
_2ddc _cBK |
||
| 999 |
_c28348 _d28348 |
||